[Event "AUTO-OPEN-2957"]
[Site "http://www.queenalice.com/game.php?id=1167623"]
[Date "2013.4.2"]
[Round "1"]
[White "solzhenitsyn"]
[Black "emanuela"]
[Result "0-1"]
[WhiteElo "1806"]
[BlackElo "1906"]

1. e4 e6 2. d4 d5 3. e5 c5 4. c3 Nc6 5. Nf3 Qb6 6. Be2 Nh6 7. Bxh6 Qxb2 8. Nbd2
gxh6 9. O-O Qxc3 10. Rc1 Qa5 11. a4 c4 12. Rb1 Be7 13. Rb5 Qc7 14. Qc1 Bd7 15.
Rb1 Rg8 16. Qc2 Rg7 17. Rb2 Kf8 18. Rfb1 b6 19. Nf1 Kg8 20. Ng3 Kh8 21. a5 Nxa5
22. Nh5 Rg6 23. Nf4 Rgg8 24. Bd3 Nc6 25. Bxh7 Rg7 26. Ng6+ fxg6 27. Bxg6 Rag8
28. g3 Rxg6 29. Ra2 Nb4 30. Rxb4 Bxb4 31. Qb1 a5 32. Nh4 R6g7 33. Qd1 Be8 34.
Qc1 Rg6 35. Nxg6+ Rxg6 0-1

[Event "AUTO-OPEN-2957"]
[Site "http://www.queenalice.com/game.php?id=1167624"]
[Date "2013.4.2"]
[Round "1"]
[White "emanuela"]
[Black "solzhenitsyn"]
[Result "1-0"]
[WhiteElo "1918"]
[BlackElo "1801"]

1. e4 c5 2. Nf3 d6 3. d4 cxd4 4. Nxd4 Nf6 5. Nc3 a6 6. Bc4 b5 7. Bb3 e5 8. Nf5
Nxe4 9. Bxf7+ Kxf7 10. Qd5+ Be6 11. Qxe4 Nd7 12. Ne3 Nf6 13. Qf3 Rc8 14. O-O Be7
15. Ned5 Bxd5 16. Nxd5 Rxc2 17. Qb3 Nxd5 18. Qxc2 Qc8 19. Qb3 Qc4 20. Qxc4 bxc4
21. Be3 Rb8 22. Rab1 Ke6 23. Rfc1 Nxe3 24. fxe3 d5 25. e4 Bc5+ 26. Kf1 Rf8+ 27.
Ke1 Bb4+ 28. Ke2 d4 29. Rxc4 a5 30. Rc6+ Kd7 31. Rbc1 Bc3 32. Rb6 Kc7 33. Rb5
Kc6 34. Rxe5 Kd6 35. Rd5+ Kc6 36. Rxd4 1-0

[Event "AUTO-OPEN-2957"]
[Site "http://www.queenalice.com/game.php?id=1167635"]
[Date "2013.4.2"]
[Round "1"]
[White "TITAN10"]
[Black "emanuela"]
[Result "0-1"]
[WhiteElo "1844"]
[BlackElo "1834"]

1. e4 e6 2. d4 d5 3. e5 c5 4. c3 Nc6 5. Nf3 Qb6 6. Be2 Nh6 7. b3 cxd4 8. cxd4
Nf5 9. Bb2 Bb4+ 10. Kf1 O-O 11. a3 Be7 12. b4 f6 13. Nc3 fxe5 14. Nxe5 Ne3+ 0-1

[Event "AUTO-OPEN-2957"]
[Site "http://www.queenalice.com/game.php?id=1167636"]
[Date "2013.4.2"]
[Round "1"]
[White "emanuela"]
[Black "TITAN10"]
[Result "1-0"]
[WhiteElo "1892"]
[BlackElo "1900"]

1. c4 e5 2. e3 c5 3. Nc3 Nf6 4. Nf3 Nc6 5. d4 exd4 6. exd4 b6 7. d5 Ne7 8. Bd3
d6 9. Bg5 Ng6 10. Qe2+ Be7 11. Bxf6 gxf6 12. O-O-O a6 13. Ne4 O-O 14. h4 Nf4 15.
Qf1 f5 16. Ng3 Nxd3+ 17. Qxd3 Qd7 18. Rde1 Re8 19. Re2 Bf6 20. Rhe1 Rxe2 21.
Qxe2 Bb7 22. Qd3 b5 23. Qxf5 Qxf5 24. Nxf5 Rd8 25. b3 Bc8 26. Nxd6 Bd7 27. Ne4
Bg7 28. Nxc5 Bg4 29. Re4 Bh6+ 30. Kd1 Bf5 31. Re5 Bc8 32. Nd4 bxc4 33. bxc4 Bg7
34. Re4 Bf8 35. Nc6 1-0

[Event "AUTO-INT-2480"]
[Site "http://www.queenalice.com/game.php?id=1170266"]
[Date "2013.4.11"]
[Round "2"]
[White "lafayete2000"]
[Black "emanuela"]
[Result "0-1"]
[WhiteElo "1656"]
[BlackElo "1850"]

1. e4 e6 2. d4 d5 3. e5 c5 4. dxc5 Bxc5 5. Nf3 Nc6 6. Bb5 Bxf2+ 7. Kxf2 Qb6+ 8.
Ke1 Qxb5 9. Nc3 Qc5 10. Qe2 a6 11. Be3 Qa5 12. Rf1 Nge7 13. Ng5 d4 0-1

[Event "AUTO-INT-2480"]
[Site "http://www.queenalice.com/game.php?id=1170270"]
[Date "2013.4.11"]
[Round "2"]
[White "Ivanikov"]
[Black "emanuela"]
[Result "0-1"]
[WhiteElo "1851"]
[BlackElo "1877"]

1. Nf3 d5 2. c4 c6 3. e3 Nf6 4. d4 Bf5 5. Bd3 e6 6. O-O Bxd3 7. Qxd3 Bd6 8. Nc3
O-O 9. c5 Bc7 10. Re1 Nbd7 11. b4 a6 12. Bb2 e5 13. dxe5 Nxe5 14. Nxe5 Bxe5 15.
Rab1 Re8 16. Na4 Bxb2 17. Rxb2 Ng4 18. Nb6 Qh4 19. h3 Ne5 20. Qc3 Rad8 21. Rd1
Re6 22. Qd4 Qg5 23. Kh1 Rde8 24. a4 Nf3 25. gxf3 Rg6 26. Qg4 Qf6 27. Qd4 Qxf3+
0-1

[Event "AUTO-INT-2480"]
[Site "http://www.queenalice.com/game.php?id=1170271"]
[Date "2013.4.11"]
[Round "2"]
[White "emanuela"]
[Black "Ivanikov"]
[Result "1/2-1/2"]
[WhiteElo "1908"]
[BlackElo "1853"]

1. d4 d5 2. Nf3 Nf6 3. Bf4 e6 4. e3 Be7 5. Bd3 O-O 6. O-O c5 7. c3 Nc6 8. Nbd2
c4 9. Bc2 Nh5 10. Ne5 Nxf4 11. exf4 Nxe5 12. fxe5 f6 13. f4 fxe5 14. fxe5 Bg5
15. Nf3 Be3+ 16. Kh1 Bd7 17. Qe2 Bh6 18. Rf2 Be8 19. Raf1 Bh5 20. Qe1 Qe7 21.
Nd2 Rxf2 22. Rxf2 Rf8 23. h3 Rxf2 24. Qxf2 Qf7 25. Nf3 Qf4 26. g4 Qc1+ 27. Kg2
Be8 28. h4 Be3 29. Qe2 Bf4 30. Ng1 Qd2 31. Qxd2 Bxd2 32. Ne2 h6 33. Kf3 g5 34.
h5 a5 35. Kf2 b5 36. a3 Kg7 37. Kf3 Bf7 38. Kg3 Bg8 39. Kf2 Bh7 40. Bxh7 Kxh7
41. Kf3 Kg7 42. Kf2 Kf7 43. Kg3 Ke7 44. Kf3 Kd7 45. Kf2 Kc6 46. Kg3 b4 47. a4
bxc3 1/2-1/2

[Event "AUTO-OPEN-2751"]
[Site "http://www.queenalice.com/game.php?id=1178437"]
[Date "2013.5.4"]
[Round "3"]
[White "muppyman"]
[Black "emanuela"]
[Result "1-0"]
[WhiteElo "2503"]
[BlackElo "1899"]

1. e4 e6 2. d4 d5 3. e5 c5 4. c3 Nc6 5. Nf3 Qb6 6. a4 c4 7. Be2 f6 8. O-O fxe5
9. Nxe5 Nf6 10. f4 Be7 11. Nd2 O-O 12. Qc2 Nd7 13. Nxc6 bxc6 14. b3 cxb3 15.
Nxb3 Rb8 16. Rb1 Nf6 17. c4 Qc7 18. c5 Rb4 19. a5 g6 20. Bd3 Bd8 21. Bd2 Rb8 22.
g3 Qg7 23. Bc3 Ng4 24. Qe2 1-0

[Event "AUTO-OPEN-2751"]
[Site "http://www.queenalice.com/game.php?id=1178438"]
[Date "2013.5.4"]
[Round "3"]
[White "emanuela"]
[Black "muppyman"]
[Result "1/2-1/2"]
[WhiteElo "1963"]
[BlackElo "2506"]

1. d4 d5 2. Nf3 Nf6 3. Bf4 Bf5 4. e3 e6 5. Bd3 Bd6 6. O-O Bxf4 7. exf4 O-O 8.
Bxf5 exf5 9. c3 Nbd7 10. Ne5 Re8 11. Nd2 Ne4 12. Re1 Nb6 13. f3 Nd6 14. Qc2 a5
15. a4 f6 16. Nd3 Qd7 17. Nc5 Qf7 18. b3 Nd7 19. Nf1 Nf8 20. Qd2 1/2-1/2

[Event "Challenge"]
[Site "http://www.queenalice.com/game.php?id=1191557"]
[Date "2013.6.16"]
[Round "-"]
[White "josebaron"]
[Black "emanuela"]
[Result "0-1"]
[WhiteElo "2042"]
[BlackElo "1943"]

1. e4 e6 2. Nf3 d5 3. e5 c5 4. d4 cxd4 5. Qxd4 Nc6 6. Qd1 Bc5 7. c3 Nge7 8. Bg5
Qb6 9. Qd2 Ng6 10. b4 Bf8 11. a4 Qc7 12. Bb5 Nxe5 13. Bf4 Nxf3+ 14. gxf3 Bd6 15.
Bg3 O-O 16. O-O a6 17. Bxc6 bxc6 18. a5 Bxg3 19. fxg3 c5 20. Na3 Bd7 21. Nc2
Rac8 22. Rac1 Ba4 23. Ne3 Rfd8 24. Qb2 Qb7 25. Qa3 Bb5 26. Rfe1 d4 27. cxd4 cxd4
28. Rxc8 Qxc8 29. Ng4 d3 30. Rd1 d2 31. Qb2 Qd7 32. Kf2 Qd3 33. Kg2 Qf1+ 34.
Rxf1 Bxf1+ 35. Kxf1 d1=Q+ 36. Kg2 Qd2+ 37. Qxd2 Rxd2+ 38. Kh3 Rb2 39. Ne5 Rxb4
40. Nc6 Rb5 41. f4 Rc5 42. Nb8 Rxa5 43. Kg4 Ra3 44. Nxa6 Rxa6 45. h4 f5+ 46. Kf3
h6 47. h5 Kf7 48. Kg2 g6 49. hxg6+ Kxg6 50. Kh3 Kh5 51. Kh2 Kg4 52. Kg2 Ra2+ 53.
Kf1 Kxg3 54. Ke1 h5 55. Kf1 h4 56. Kg1 Ra1# 0-1

[Event "AUTO-ADV-2929"]
[Site "http://www.queenalice.com/game.php?id=1206879"]
[Date "2013.8.10"]
[Round "1"]
[White "AfeuLira"]
[Black "emanuela"]
[Result "1-0"]
[WhiteElo "1935"]
[BlackElo "1945"]

1. d4 d5 2. c4 e6 3. Nc3 Nf6 4. Bg5 Be7 5. e3 O-O 6. Nf3 c6 7. Bd3 dxc4 8. Bxc4
Nbd7 9. O-O b5 10. Bd3 a6 11. a3 c5 12. Ne4 Bb7 13. Nxf6+ Bxf6 14. Bxf6 Qxf6 15.
Be2 c4 16. Qc2 Rac8 17. Rac1 Rc7 18. Qd2 Rfc8 19. Rfd1 1-0

[Event "AUTO-ADV-2929"]
[Site "http://www.queenalice.com/game.php?id=1206880"]
[Date "2013.8.10"]
[Round "1"]
[White "emanuela"]
[Black "AfeuLira"]
[Result "0-1"]
[WhiteElo "1929"]
[BlackElo "1951"]

1. d4 Nf6 2. c4 d5 3. cxd5 Nxd5 4. e4 Nb6 5. Bf4 e6 6. Bd3 Nc6 7. Nf3 Bb4+ 8.
Nc3 O-O 9. Be3 Re8 10. a3 Bf8 11. O-O g6 12. Rc1 Bg7 13. Bb5 Bd7 14. Qd2 a6 15.
Be2 Qe7 16. d5 exd5 17. exd5 Ne5 18. Nxe5 Bxe5 0-1

[Event "AUTO-ADV-2929"]
[Site "http://www.queenalice.com/game.php?id=1206893"]
[Date "2013.8.10"]
[Round "1"]
[White "emanuela"]
[Black "capablanca2014"]
[Result "0-1"]
[WhiteElo "1906"]
[BlackElo "2122"]

1. e4 d5 2. exd5 Nf6 3. Nc3 Nxd5 4. Bc4 e6 5. Qf3 Nf6 6. Nge2 Nc6 7. Bb5 Bd7 8.
O-O Be7 9. d4 O-O 10. Bf4 Bd6 11. Rae1 Bxf4 12. Nxf4 Nxd4 13. Qd3 Nxb5 14. Nxb5
Bxb5 15. Qxb5 Qd4 16. Nd3 Qb6 17. Qc4 Rad8 18. Rd1 Rd6 19. Rd2 Rfd8 20. Qb3 Qxb3
21. axb3 a6 22. Re2 h6 23. f3 Nd7 0-1

[Event "AUTO-ADV-2929"]
[Site "http://www.queenalice.com/game.php?id=1206894"]
[Date "2013.8.10"]
[Round "1"]
[White "capablanca2014"]
[Black "emanuela"]
[Result "1-0"]
[WhiteElo "2116"]
[BlackElo "1914"]

1. d4 d5 2. Bf4 Nf6 3. e3 e6 4. Nd2 Bb4 5. c3 Ba5 6. Bd3 O-O 7. Ngf3 Nbd7 8. O-O
c5 9. Ne5 Nxe5 10. Bxe5 Bc7 11. f4 b6 12. Qf3 Bb7 13. Qh3 h6 14. g4 Ne4 15. Nxe4
dxe4 16. Bc4 Bxe5 17. fxe5 Rc8 18. Bb3 Ba6 19. Rf4 Bd3 20. Qg3 cxd4 21. exd4 b5
22. h4 b4 23. Qe1 1-0

[Event "AUTO-OPEN-2957"]
[Site "http://www.queenalice.com/game.php?id=1212338"]
[Date "2013.8.28"]
[Round "2"]
[White "Aspayne"]
[Black "emanuela"]
[Result "1-0"]
[WhiteElo "1987"]
[BlackElo "1977"]

1. e4 e6 2. c4 Nf6 3. e5 Ne4 4. d4 d5 5. exd6 Bxd6 6. Nf3 O-O 7. Nc3 Nxc3 8.
bxc3 Nc6 9. Bd3 e5 10. O-O exd4 11. cxd4 Bg4 12. Bb2 1-0

[Event "AUTO-OPEN-2957"]
[Site "http://www.queenalice.com/game.php?id=1212339"]
[Date "2013.8.28"]
[Round "2"]
[White "emanuela"]
[Black "Aspayne"]
[Result "0-1"]
[WhiteElo "1897"]
[BlackElo "1972"]

1. d4 Nf6 2. c4 e5 3. Be3 Bb4+ 4. Bd2 Qe7 5. a3 Bxd2+ 6. Qxd2 exd4 7. Qxd4 Nc6
8. Qd3 b6 9. Nc3 Bb7 10. Nf3 O-O-O 11. e3 Ne5 12. Nxe5 Qxe5 13. O-O-O Ng4 0-1